Normal view MARC view
  • Presidents

Entry Topical Term

Number of records used in: 2

001 - CONTROL NUMBER

  • control field: 101675

003 - CONTROL NUMBER IDENTIFIER

  • control field: NUST

005 - DATE AND TIME OF LATEST TRANSACTION

  • control field: 20221028155515.0

008 - FIXED-LENGTH DATA ELEMENTS

  • fixed length control field: 221028|| aca||aabn | a|a d

040 ## - CATALOGING SOURCE

  • Original cataloging agency: NUST
  • Transcribing agency: NUST

150 ## - HEADING--TOPICAL TERM

  • Topical term or geographic name entry element: Presidents
  • Geographic subdivision: Pakistan
  • General subdivision: Biography

670 ## - SOURCE DATA FOUND

  • Source citation: Work cat.: (NUST)0: Gauhar, Altaf, 1923- 101673, Ayub Khan, Pakistan's first military ruler /, 1993.
© 2023 Central Library, National University of Sciences and Technology. All Rights Reserved.